<?xml version="1.0" encoding="UTF-8"?>
<record
    xmlns:xsi="http://www.w3.org/2001/XMLSchema-instance"
    xsi:schemaLocation="http://www.loc.gov/MARC21/slim http://www.loc.gov/standards/marcxml/schema/MARC21slim.xsd"
    xmlns="http://www.loc.gov/MARC21/slim">

  <leader>01174nam a2200289   4500</leader>
  <controlfield tag="003">OSt</controlfield>
  <controlfield tag="005">20260530113911.0</controlfield>
  <controlfield tag="008">260423b2002    xxua|||| |||| 00| 0 eng d</controlfield>
  <datafield tag="020" ind1=" " ind2=" ">
    <subfield code="a">9789057680403</subfield>
  </datafield>
  <datafield tag="040" ind1=" " ind2=" ">
    <subfield code="a">ICI</subfield>
    <subfield code="b">spa</subfield>
    <subfield code="c">ICI</subfield>
  </datafield>
  <datafield tag="041" ind1=" " ind2=" ">
    <subfield code="a">eng</subfield>
    <subfield code="a">dut</subfield>
    <subfield code="a">fre</subfield>
    <subfield code="a">spa</subfield>
    <subfield code="a">ita</subfield>
    <subfield code="a">por</subfield>
    <subfield code="a">jpn</subfield>
    <subfield code="a">chi</subfield>
  </datafield>
  <datafield tag="050" ind1=" " ind2="4">
    <subfield code="a">TT870</subfield>
    <subfield code="b">W573</subfield>
  </datafield>
  <datafield tag="100" ind1="1" ind2=" ">
    <subfield code="a">Withers, Laurence K.,</subfield>
    <subfield code="e">autor</subfield>
    <subfield code="9">33410</subfield>
  </datafield>
  <datafield tag="245" ind1="1" ind2="0">
    <subfield code="a">Folding patterns for display &amp; publicity =</subfield>
    <subfield code="b">Dise&#xF1;os de pliegues para presentaciones y publicidad /</subfield>
    <subfield code="c">[designs and drawings by Laurence K. Withers]</subfield>
  </datafield>
  <datafield tag="246" ind1="3" ind2="0">
    <subfield code="a">Dise&#xF1;os de pliegues para presentaciones y publicidad</subfield>
  </datafield>
  <datafield tag="264" ind1=" " ind2="1">
    <subfield code="a">Amsterdam :</subfield>
    <subfield code="b">Pepin/Agile Rabbit,</subfield>
    <subfield code="c">2002</subfield>
  </datafield>
  <datafield tag="300" ind1=" " ind2=" ">
    <subfield code="a">423 p&#xE1;ginas :</subfield>
    <subfield code="b">ilustraciones (principalmente a color) +</subfield>
    <subfield code="e">CD-ROM (4 3/4 plg.)</subfield>
  </datafield>
  <datafield tag="336" ind1=" " ind2=" ">
    <subfield code="2">rdacontent</subfield>
    <subfield code="a">texto</subfield>
  </datafield>
  <datafield tag="337" ind1=" " ind2=" ">
    <subfield code="2">rdamedia</subfield>
    <subfield code="a">sin medio</subfield>
  </datafield>
  <datafield tag="338" ind1=" " ind2=" ">
    <subfield code="2">rdacarrier</subfield>
    <subfield code="a">volumen</subfield>
  </datafield>
  <datafield tag="500" ind1=" " ind2=" ">
    <subfield code="a">Texto en ingl&#xE9;s, alem&#xE1;n, franc&#xE9;s, espa&#xF1;ol, italiano, portugu&#xE9;s, japones y chino</subfield>
  </datafield>
  <datafield tag="650" ind1=" " ind2="4">
    <subfield code="a">Plegado de papel (Dise&#xF1;o gr&#xE1;fico)</subfield>
    <subfield code="v">Manuales</subfield>
    <subfield code="9">33411</subfield>
  </datafield>
  <datafield tag="650" ind1=" " ind2="4">
    <subfield code="a">Envases de papel</subfield>
    <subfield code="v">Manuales</subfield>
    <subfield code="9">33412</subfield>
  </datafield>
  <datafield tag="650" ind1=" " ind2="4">
    <subfield code="a">Envasado</subfield>
    <subfield code="x">Dise&#xF1;o</subfield>
    <subfield code="9">33413</subfield>
  </datafield>
  <datafield tag="650" ind1=" " ind2="4">
    <subfield code="a">Exhibici&#xF3;n de mercanc&#xED;as</subfield>
    <subfield code="9">33414</subfield>
  </datafield>
  <datafield tag="942" ind1=" " ind2=" ">
    <subfield code="2">lcc</subfield>
    <subfield code="n">1</subfield>
    <subfield code="c">BK</subfield>
  </datafield>
  <datafield tag="999" ind1=" " ind2=" ">
    <subfield code="c">12132</subfield>
    <subfield code="d">12132</subfield>
  </datafield>
</record>
